000 00746nam a2200217Ii 4500
003 JO-AjNU
008 230605s9999||||xx |||||||||||||| ||und||
017 _a1991/1123
040 _aJO-AjNU
_bara
_erda
_cJO-AjNU
041 _aara
050 1 4 _aQL463.A2874 1992
100 3 _aابوقرين ، مطفى محمد,
_eauthor
_914436
245 0 0 _aعلم الحشرات دراسة وصفية وتشريحيية وتصنيفية للحشرات الجزء العملي
250 _aط1
264 3 1 _aليبيا:دار الكتب الوطنيه ، 1991
300 _a232ص
336 _atext
_btxt
_2rdacontent
337 _aunmediated
_bn
_2rdamedia
338 _avolume
_bnc
_2rdacarrier
650 4 _aعلم الحشرات -التشريح
_914437
999 _aA3849
_c7417
_d7417